[Event "WCO2014"]
[Site "Tromso"]
[Date "2014.08.09"]
[Round "7.27"]
[WhiteID "12512214"]
[White "Khademalsharieh Sarasadat"]
[BlackID "7101570"]
[Black "Aulia Medina Warda"]
[Result "1-0"]
[LiveChessVersion "1.4.3"]
[BlackElo "2397"]
[WhiteElo "2324"]

1. d4 {[%clk 1:30:55]} e6 {[%clk 1:30:53]} 2. c4 {[%clk 1:30:38]} Nf6
{[%clk 1:31:17]} 3. Nf3 {[%clk 1:30:53]} b6 {[%clk 1:31:29]} 4. a3
{[%clk 1:30:56]} Ba6 {[%clk 1:29:22]} 5. Qb3 {[%clk 1:30:56]} Be7
{[%clk 1:27:56]} 6. Nc3 {[%clk 1:30:26]} d5 {[%clk 1:22:06]} 7. cxd5
{[%clk 1:29:32]} exd5 {[%clk 1:22:24]} 8. Bg5 {[%clk 1:26:02]} c6
{[%clk 1:22:00]} 9. Bxf6 {[%clk 1:23:21]} Bxf6 {[%clk 1:22:11]} 10. e4
{[%clk 1:23:43]} Bxf1 {[%clk 1:21:41]} 11. Rxf1 {[%clk 1:24:07]} Bg5
{[%clk 1:00:45]} 12. exd5 {[%clk 1:12:07]} O-O {[%clk 1:00:26]} 13. Kd1
{[%clk 1:12:14]} Bh6 {[%clk 0:56:22]} 14. Kc2 {[%clk 1:10:59]} Qf6
{[%clk 0:55:30]} 15. Kb1 {[%clk 1:10:43]} Rd8 {[%clk 0:46:49]} 16. Ka2
{[%clk 1:08:42]} Qd6 {[%clk 0:46:01]} 17. Rfe1 {[%clk 1:07:47]} g6
{[%clk 0:42:39]} 18. Ne5 {[%clk 1:03:41]} Qf8 {[%clk 0:32:44]} 19. dxc6
{[%clk 1:02:37]} Na6 {[%clk 0:25:37]} 20. Nb5 {[%clk 0:59:02]} Rdc8
{[%clk 0:24:56]} 21. Qa4 {[%clk 0:49:01]} Nc7 {[%clk 0:25:12]} 22. Nd7
{[%clk 0:48:54]} Qg7 {[%clk 0:24:51]} 23. Nxc7 {[%clk 0:49:03]} Rxc7
{[%clk 0:24:42]} 24. Nxb6 {[%clk 0:49:22]} Rd8 {[%clk 0:24:11]} 25. Nd7
{[%clk 0:49:45]} Bf4 {[%clk 0:24:29]} 26. Re4 {[%clk 0:48:58]} Bd6
{[%clk 0:24:42]} 27. Rae1 {[%clk 0:49:00]} h5 {[%clk 0:23:24]} 28. Re8+
{[%clk 0:46:39]} Rxe8 {[%clk 0:23:48]} 29. Rxe8+ {[%clk 0:47:04]} Kh7
{[%clk 0:24:15]} 30. Qc4 {[%clk 0:45:07]} g5 {[%clk 0:22:48]} 31. d5
{[%clk 0:43:34]} h4 {[%clk 0:22:14]} 32. g3 {[%clk 0:42:53]} g4 {[%clk 0:20:51]}
33. Re4 {[%clk 0:41:21]} 1-0

[Event "WCO2014"]
[Site "Tromso"]
[Date "2014.08.09"]
[Round "7.26"]
[WhiteID "7101198"]
[White "Sihite Chelsie Monica Ignesias"]
[BlackID "12505951"]
[Black "Hejazipour Mitra"]
[Result "1-0"]
[LiveChessVersion "1.4.3"]
[BlackElo "2269"]
[WhiteElo "2206"]

1. e4 {[%clk 1:30:55]} c5 {[%clk 1:30:48]} 2. Nf3 {[%clk 1:31:16]} Nc6
{[%clk 1:31:11]} 3. d4 {[%clk 1:25:45]} cxd4 {[%clk 1:31:34]} 4. Nxd4
{[%clk 1:26:14]} g6 {[%clk 1:31:55]} 5. Nxc6 {[%clk 1:22:32]} bxc6
{[%clk 1:31:45]} 6. Qd4 {[%clk 1:22:57]} Nf6 {[%clk 1:30:30]} 7. e5
{[%clk 1:23:14]} Nd5 {[%clk 1:30:09]} 8. Bc4 {[%clk 1:13:17]} Bg7
{[%clk 1:22:03]} 9. Bxd5 {[%clk 1:07:19]} cxd5 {[%clk 1:21:42]} 10. O-O
{[%clk 1:07:47]} Bb7 {[%clk 1:13:56]} 11. Qh4 {[%clk 1:00:34]} Bxe5
{[%clk 0:57:24]} 12. Re1 {[%clk 0:57:15]} f6 {[%clk 0:53:35]} 13. c3
{[%clk 0:50:29]} Kf7 {[%clk 0:49:18]} 14. f4 {[%clk 0:44:36]} Bd6
{[%clk 0:48:08]} 15. Be3 {[%clk 0:43:31]} h6 {[%clk 0:39:38]} 16. Bd4
{[%clk 0:36:45]} Qg8 {[%clk 0:37:29]} 17. Qh3 {[%clk 0:34:41]} e6
{[%clk 0:34:04]} 18. Rf1 {[%clk 0:25:11]} a5 {[%clk 0:21:59]} 19. Nd2
{[%clk 0:25:08]} Ke7 {[%clk 0:20:32]} 20. Rae1 {[%clk 0:24:16]} Rf8
{[%clk 0:18:49]} 21. c4 {[%clk 0:20:40]} dxc4 {[%clk 0:13:59]} 22. Nxc4
{[%clk 0:20:56]} Bb4 {[%clk 0:14:15]} 23. a3 {[%clk 0:17:59]} Bxe1
{[%clk 0:13:21]} 24. Bc5+ {[%clk 0:18:24]} Kf7 {[%clk 0:13:25]} 25. Nd6+
{[%clk 0:18:32]} Kg7 {[%clk 0:13:35]} 26. Nxb7 {[%clk 0:18:41]} Rb8
{[%clk 0:11:00]} 27. Nd6 {[%clk 0:19:10]} Bd2 {[%clk 0:10:13]} 28. Qd3
{[%clk 0:19:29]} Rxb2 {[%clk 0:02:42]} 29. Bd4 {[%clk 0:14:43]} Qb8
{[%clk 0:01:41]} 30. Bxb2 {[%clk 0:12:00]} Qxb2 {[%clk 0:01:19]} 31. Ne4
{[%clk 0:11:04]} d5 {[%clk 0:00:44]} 32. Nxd2 {[%clk 0:11:22]} Rc8
{[%clk 0:01:07]} 33. Rb1 {[%clk 0:08:45]} Rc1+ {[%clk 0:00:58]} 34. Rxc1
{[%clk 0:09:11]} Qxc1+ {[%clk 0:01:25]} 35. Kf2 {[%clk 0:09:26]} Qc5+
{[%clk 0:01:39]} 36. Qe3 {[%clk 0:08:49]} Qe7 {[%clk 0:01:28]} 37. Nf3
{[%clk 0:08:44]} Kf7 {[%clk 0:01:19]} 38. Nd4 {[%clk 0:08:10]} Qd7
{[%clk 0:01:11]} 39. g3 {[%clk 0:06:14]} h5 {[%clk 0:01:22]} 40. Qc3
{[%clk 0:06:12]} Qa7 {[%clk 0:01:19]} 41. Kg2 {[%clk 0:05:30]} Qb6
{[%clk 0:01:30]} 42. a4 {[%clk 0:29:51]} Qb7 {[%clk 0:28:47]} 43. Qb3
{[%clk 0:28:06]} Qa6 {[%clk 0:21:46]} 44. Kf2 {[%clk 0:26:47]} Qa7
{[%clk 0:21:35]} 45. Ke3 {[%clk 0:26:29]} Qc5 {[%clk 0:21:25]} 46. Qc2
{[%clk 0:24:14]} Qd6 {[%clk 0:16:34]} 47. Nb5 {[%clk 0:22:05]} Qb6+
{[%clk 0:15:01]} 48. Kd3 {[%clk 0:20:14]} Ke7 {[%clk 0:09:52]} 49. Qc3
{[%clk 0:19:42]} Qg1 {[%clk 0:07:40]} 50. Nd4 {[%clk 0:14:21]} Qd1+
{[%clk 0:06:10]} 51. Ke3 {[%clk 0:14:50]} Qg1+ {[%clk 0:04:52]} 52. Kd2
{[%clk 0:14:29]} Qf2+ {[%clk 0:04:03]} 53. Ne2 {[%clk 0:12:09]} Qb6
{[%clk 0:04:09]} 54. Qd4 {[%clk 0:12:13]} Qc7 {[%clk 0:02:39]} 55. Nc3
{[%clk 0:11:48]} Qb7 {[%clk 0:01:49]} 56. Qc5+ {[%clk 0:11:38]} Kf7
{[%clk 0:02:13]} 57. Nb5 {[%clk 0:12:04]} Qd7 {[%clk 0:02:18]} 58. Qa7
{[%clk 0:11:54]} Qxa7 {[%clk 0:02:22]} 59. Nxa7 {[%clk 0:12:22]} Ke7
{[%clk 0:02:47]} 60. Nc6+ {[%clk 0:12:50]} Kd6 {[%clk 0:03:11]} 61. Nxa5
{[%clk 0:13:17]} Kc5 {[%clk 0:03:33]} 62. Nb3+ {[%clk 0:12:21]} Kb6
{[%clk 0:03:26]} 63. a5+ {[%clk 0:12:42]} 1-0

[Event "WCO2014"]
[Site "Tromso"]
[Date "2014.08.09"]
[Round "7.25"]
[WhiteID "12512230"]
[White "Asgarizadeh Minoo"]
[BlackID "7101244"]
[Black "Citra Dewi Ardhiani Anastasia"]
[Result "1-0"]
[LiveChessVersion "1.4.3"]
[BlackElo "2128"]
[WhiteElo "2147"]

1. e4 {[%clk 1:30:51]} c5 {[%clk 1:30:53]} 2. Nf3 {[%clk 1:31:14]} g6
{[%clk 1:31:16]} 3. d4 {[%clk 1:31:21]} cxd4 {[%clk 1:31:38]} 4. Nxd4
{[%clk 1:31:38]} Nc6 {[%clk 1:31:43]} 5. c4 {[%clk 1:30:13]} Nf6 {[%clk 1:31:52]}
6. Nc3 {[%clk 1:30:30]} d6 {[%clk 1:32:08]} 7. f3 {[%clk 1:28:05]} Nxd4
{[%clk 1:32:18]} 8. Qxd4 {[%clk 1:28:30]} Bg7 {[%clk 1:32:41]} 9. Be3
{[%clk 1:28:51]} O-O {[%clk 1:33:01]} 10. Qd2 {[%clk 1:29:19]} a5
{[%clk 1:24:29]} 11. Na4 {[%clk 1:27:46]} Nd7 {[%clk 1:17:56]} 12. Be2
{[%clk 1:26:41]} b6 {[%clk 1:17:17]} 13. O-O {[%clk 1:23:24]} Bb7
{[%clk 1:14:16]} 14. Rab1 {[%clk 1:17:26]} Nc5 {[%clk 1:13:11]} 15. b3
{[%clk 1:16:11]} f5 {[%clk 1:09:05]} 16. exf5 {[%clk 1:07:16]} gxf5
{[%clk 1:09:23]} 17. Nc3 {[%clk 1:05:29]} f4 {[%clk 1:06:49]} 18. Bf2
{[%clk 1:05:20]} Rf5 {[%clk 0:58:59]} 19. a3 {[%clk 1:00:24]} Be5
{[%clk 0:51:09]} 20. b4 {[%clk 0:54:30]} axb4 {[%clk 0:51:21]} 21. axb4
{[%clk 0:54:59]} Nd7 {[%clk 0:50:16]} 22. c5 {[%clk 0:50:47]} dxc5
{[%clk 0:42:56]} 23. Bc4+ {[%clk 0:42:00]} Kh8 {[%clk 0:39:50]} 24. Rfd1
{[%clk 0:31:18]} Rg5 {[%clk 0:37:23]} 25. h4 {[%clk 0:16:46]} Rg7
{[%clk 0:36:51]} 26. Qxd7 {[%clk 0:15:00]} Qxd7 {[%clk 0:37:05]} 27. Rxd7
{[%clk 0:15:23]} Bxf3 {[%clk 0:36:57]} 28. Bd5 {[%clk 0:12:19]} Rxg2+
{[%clk 0:35:48]} 29. Kf1 {[%clk 0:12:42]} Bxd5 {[%clk 0:35:44]} 30. Nxd5
{[%clk 0:05:53]} Rh2 {[%clk 0:36:02]} 31. Re1 {[%clk 0:04:02]} Rh1+
{[%clk 0:34:22]} 32. Kg2 {[%clk 0:03:39]} Rxe1 {[%clk 0:34:42]} 33. Bxe1
{[%clk 0:04:09]} Ra1 {[%clk 0:32:24]} 34. Bf2 {[%clk 0:03:20]} cxb4
{[%clk 0:31:10]} 35. Rxe7 {[%clk 0:02:42]} Bb2 {[%clk 0:28:01]} 36. Nxb4
{[%clk 0:02:10]} b5 {[%clk 0:27:08]} 37. h5 {[%clk 0:02:25]} h6 {[%clk 0:27:25]}
38. Nd3 {[%clk 0:02:21]} Bc3 {[%clk 0:25:58]} 39. Nxf4 {[%clk 0:02:23]} b4
{[%clk 0:25:56]} 40. Nd5 {[%clk 0:01:54]} Bg7 {[%clk 0:25:56]} 41. Rxg7
{[%clk 0:02:04]} b3 {[%clk 0:25:49]} 42. Rb7 {[%clk 0:01:50]} b2 {[%clk 0:25:39]}
43. Bd4+ {[%clk 0:01:53]} Kg8 {[%clk 0:26:05]} 44. Bxb2 {[%clk 0:02:09]} Ra5
{[%clk 0:26:27]} 45. Nf6+ {[%clk 0:02:01]} Kf8 {[%clk 0:26:46]} 46. Bc3
{[%clk 0:01:59]} Rg5+ {[%clk 0:27:03]} 47. Kf2 {[%clk 0:01:19]} Rf5+
{[%clk 0:27:28]} 48. Ke3 {[%clk 0:00:51]} Rc5 {[%clk 0:27:53]} 49. Nd7+
{[%clk 0:01:11]} Kg8 {[%clk 0:28:02]} 50. Nxc5 {[%clk 0:01:36]} Kf8
{[%clk 0:28:29]} 51. Ne6+ {[%clk 0:01:37]} Ke8 {[%clk 0:28:51]} 52. Ng7+
{[%clk 0:01:57]} Kf8 {[%clk 0:29:16]} 53. Bb4+ {[%clk 0:02:12]} Kg8
{[%clk 0:29:39]} 54. Ne6 {[%clk 0:02:12]} Kh8 {[%clk 0:30:05]} 55. Bc3+
{[%clk 0:02:38]} Kg8 {[%clk 0:30:28]} 56. Rg7+ {[%clk 0:03:00]} 1-0

[Event "WCO2014"]
[Site "Tromso"]
[Date "2014.08.09"]
[Round "7.1"]
[WhiteID "13601903"]
[White "Dzagnidze Nana"]
[BlackID "908550"]
[Black "Bojkovic Natasa"]
[Result "1/2-1/2"]
[LiveChessVersion "1.4.3"]
[BlackElo "2425"]
[WhiteElo "2550"]

1. d4 {[%clk 1:30:56]} Nf6 {[%clk 1:30:54]} 2. c4 {[%clk 1:31:07]} e6
{[%clk 1:31:20]} 3. Nf3 {[%clk 1:31:32]} b6 {[%clk 1:31:22]} 4. g3
{[%clk 1:30:54]} Bb4+ {[%clk 1:31:04]} 5. Bd2 {[%clk 1:30:58]} Be7
{[%clk 1:30:59]} 6. Nc3 {[%clk 1:30:47]} Bb7 {[%clk 1:30:43]} 7. Bg2
{[%clk 1:31:05]} c6 {[%clk 1:28:01]} 8. e4 {[%clk 1:30:59]} d5 {[%clk 1:28:01]}
9. exd5 {[%clk 1:31:14]} cxd5 {[%clk 1:26:44]} 10. Ne5 {[%clk 1:31:35]} O-O
{[%clk 1:22:26]} 11. O-O {[%clk 1:31:51]} Nc6 {[%clk 1:09:53]} 12. Bf4
{[%clk 1:32:02]} Na5 {[%clk 0:51:33]} 13. Rc1 {[%clk 1:32:15]} dxc4
{[%clk 0:47:12]} 14. Bxb7 {[%clk 1:32:30]} Nxb7 {[%clk 0:47:40]} 15. Nxc4
{[%clk 1:32:29]} Na5 {[%clk 0:42:28]} 16. Ne3 {[%clk 1:30:37]} Rc8
{[%clk 0:36:35]} 17. d5 {[%clk 1:19:49]} exd5 {[%clk 0:34:24]} 18. Ncxd5
{[%clk 1:18:30]} Rxc1 {[%clk 0:34:04]} 19. Nxe7+ {[%clk 1:18:06]} Qxe7
{[%clk 0:34:32]} 20. Qxc1 {[%clk 1:18:28]} Qe6 {[%clk 0:28:25]} 21. Rd1
{[%clk 1:06:42]} Rc8 {[%clk 0:25:24]} 22. Qd2 {[%clk 1:00:09]} h6
{[%clk 0:23:03]} 23. Qd6 {[%clk 0:59:37]} Qxd6 {[%clk 0:20:45]} 24. Rxd6
{[%clk 0:56:53]} Nc4 {[%clk 0:18:29]} 25. Nxc4 {[%clk 0:56:12]} Rxc4
{[%clk 0:18:57]} 26. Be5 {[%clk 0:40:00]} Rc2 {[%clk 0:15:38]} 27. Rd8+
{[%clk 0:36:08]} Kh7 {[%clk 0:16:08]} 28. Kg2 {[%clk 0:18:43]} Ng4
{[%clk 0:08:10]} 29. Bd4 {[%clk 0:19:00]} Rd2 {[%clk 0:05:59]} 30. Kf3
{[%clk 0:15:03]} Nxh2+ {[%clk 0:04:36]} 31. Kf4 {[%clk 0:11:14]} h5
{[%clk 0:03:00]} 32. a4 {[%clk 0:11:07]} Rc2 {[%clk 0:00:52]} 33. b3
{[%clk 0:10:45]} Ng4 {[%clk 0:00:48]} 34. f3 {[%clk 0:08:55]} Nf6
{[%clk 0:01:05]} 35. Kf5 {[%clk 0:07:07]} Rc6 {[%clk 0:01:00]} 36. Ra8
{[%clk 0:03:31]} Rd6 {[%clk 0:00:50]} 37. Be5 {[%clk 0:02:54]} Rd3
{[%clk 0:00:54]} 38. Bxf6 {[%clk 0:01:20]} Rxf3+ {[%clk 0:00:56]} 39. Ke4
{[%clk 0:01:40]} Rxf6 {[%clk 0:01:11]} 40. Rxa7 {[%clk 0:02:08]} g5
{[%clk 0:00:51]} 41. b4 {[%clk 0:01:15]} h4 {[%clk 0:23:06]} 42. gxh4
{[%clk 0:32:41]} gxh4 {[%clk 0:23:22]} 43. a5 {[%clk 0:32:56]} h3
{[%clk 0:02:05]} 44. Rc7 {[%clk 0:30:54]} bxa5 {[%clk 0:01:05]} 45. bxa5
{[%clk 0:31:05]} Kg7 {[%clk 0:00:46]} 46. Rc1 {[%clk 0:30:38]} Rh6
{[%clk 0:00:48]} 47. Kf3 {[%clk 0:26:13]} Ra6 {[%clk 0:00:43]} 48. Ra1
{[%clk 0:25:11]} Kf6 {[%clk 0:00:58]} 49. Kg3 {[%clk 0:25:31]} 1/2-1/2

[Event "WCO2014"]
[Site "Tromso"]
[Date "2014.08.09"]
[Round "7.2"]
[WhiteID "937266"]
[White "Vojinovic Jovana"]
[BlackID "13602640"]
[Black "Khotenashvili Bela"]
[Result "0-1"]
[LiveChessVersion "1.4.3"]
[BlackElo "2494"]
[WhiteElo "2312"]

1. Nf3 {[%clk 1:30:53]} d5 {[%clk 1:30:47]} 2. d4 {[%clk 1:30:55]} Nf6
{[%clk 1:30:56]} 3. c4 {[%clk 1:31:06]} e6 {[%clk 1:31:09]} 4. Nc3
{[%clk 1:31:14]} Bb4 {[%clk 1:30:56]} 5. Qb3 {[%clk 1:31:34]} c5 {[%clk 1:26:28]}
6. dxc5 {[%clk 1:30:26]} Nc6 {[%clk 1:26:21]} 7. Bg5 {[%clk 1:29:02]} h6
{[%clk 1:18:44]} 8. Bxf6 {[%clk 1:28:30]} Qxf6 {[%clk 1:19:09]} 9. e3
{[%clk 1:28:25]} O-O {[%clk 1:17:58]} 10. Rc1 {[%clk 0:58:29]} Rd8
{[%clk 1:08:51]} 11. a3 {[%clk 0:57:53]} Bxc5 {[%clk 0:52:50]} 12. cxd5
{[%clk 0:56:27]} exd5 {[%clk 0:52:54]} 13. Nxd5 {[%clk 0:55:41]} Qd6
{[%clk 0:53:05]} 14. Nf4 {[%clk 0:51:08]} Bg4 {[%clk 0:37:48]} 15. Rd1
{[%clk 0:43:59]} Qxd1+ {[%clk 0:16:28]} 16. Qxd1 {[%clk 0:41:52]} Rxd1+
{[%clk 0:16:54]} 17. Kxd1 {[%clk 0:42:17]} Rd8+ {[%clk 0:17:20]} 18. Kc2
{[%clk 0:38:25]} g5 {[%clk 0:15:53]} 19. Nd3 {[%clk 0:37:21]} Bf5
{[%clk 0:15:26]} 20. h3 {[%clk 0:36:57]} b5 {[%clk 0:14:53]} 21. Nd2
{[%clk 0:24:34]} Bg6 {[%clk 0:13:34]} 22. Nb3 {[%clk 0:23:44]} Be7
{[%clk 0:13:33]} 23. Be2 {[%clk 0:23:51]} a5 {[%clk 0:13:38]} 24. Rd1
{[%clk 0:18:35]} a4 {[%clk 0:13:22]} 25. Nd2 {[%clk 0:17:11]} Bf6
{[%clk 0:09:05]} 26. Nb1 {[%clk 0:16:36]} b4 {[%clk 0:09:10]} 27. Kc1
{[%clk 0:16:07]} Rc8 {[%clk 0:05:30]} 28. Rd2 {[%clk 0:01:33]} Nd4+
{[%clk 0:04:45]} 29. Kd1 {[%clk 0:01:58]} Nb3 {[%clk 0:05:05]} 30. Rc2
{[%clk 0:00:51]} Rd8 {[%clk 0:05:31]} 31. Rc6 {[%clk 0:01:03]} Bxb2
{[%clk 0:05:03]} 32. axb4 {[%clk 0:00:42]} Rxd3+ {[%clk 0:01:57]} 33. Bxd3
{[%clk 0:00:57]} Bxd3 {[%clk 0:02:26]} 34. Rc8+ {[%clk 0:00:43]} Kg7
{[%clk 0:02:55]} 35. Nc3 {[%clk 0:00:35]} a3 {[%clk 0:02:28]} 36. Na2
{[%clk 0:00:34]} Bb1 {[%clk 0:02:23]} 37. Ra8 {[%clk 0:00:33]} Bxa2
{[%clk 0:02:34]} 38. Kc2 {[%clk 0:01:02]} Nc1 {[%clk 0:02:32]} 39. b5
{[%clk 0:01:31]} Bb3+ {[%clk 0:02:48]} 40. Kb1 {[%clk 0:01:57]} Ne2
{[%clk 0:03:12]} 0-1

[Event "WCO2014"]
[Site "Tromso"]
[Date "2014.08.09"]
[Round "7.3"]
[WhiteID "13601458"]
[White "Javakhishvili Lela"]
[BlackID "928682"]
[Black "Stojanovic Andjelija"]
[Result "1-0"]
[LiveChessVersion "1.4.3"]
[BlackElo "2297"]
[WhiteElo "2478"]

1. d4 {[%clk 1:30:57]} Nf6 {[%clk 1:30:50]} 2. c4 {[%clk 1:31:15]} g6
{[%clk 1:31:12]} 3. Nf3 {[%clk 1:31:04]} Bg7 {[%clk 1:31:37]} 4. g3
{[%clk 1:29:56]} O-O {[%clk 1:31:59]} 5. Bg2 {[%clk 1:30:21]} d6 {[%clk 1:32:05]}
6. Nc3 {[%clk 1:30:42]} Nc6 {[%clk 1:32:08]} 7. O-O {[%clk 1:30:59]} Bf5
{[%clk 1:32:25]} 8. d5 {[%clk 1:30:49]} Na5 {[%clk 1:32:27]} 9. Nd2
{[%clk 1:31:11]} c5 {[%clk 1:32:02]} 10. e4 {[%clk 1:31:06]} Bg4 {[%clk 1:26:07]}
11. Qc2 {[%clk 1:30:28]} a6 {[%clk 1:26:27]} 12. b3 {[%clk 1:24:25]} b5
{[%clk 1:25:36]} 13. Bb2 {[%clk 1:24:23]} Rb8 {[%clk 1:22:41]} 14. h3
{[%clk 1:19:34]} Bd7 {[%clk 1:22:03]} 15. Nd1 {[%clk 1:16:40]} e6
{[%clk 0:43:14]} 16. Rb1 {[%clk 0:57:18]} bxc4 {[%clk 0:30:30]} 17. bxc4
{[%clk 0:56:56]} Bh6 {[%clk 0:28:34]} 18. f4 {[%clk 0:51:14]} Nh5
{[%clk 0:25:36]} 19. Qc3 {[%clk 0:41:56]} e5 {[%clk 0:23:33]} 20. Nb3
{[%clk 0:36:50]} Nxb3 {[%clk 0:21:06]} 21. axb3 {[%clk 0:37:13]} Bg7
{[%clk 0:13:46]} 22. g4 {[%clk 0:22:14]} exf4 {[%clk 0:13:12]} 23. Qd3
{[%clk 0:19:59]} Bxb2 {[%clk 0:12:10]} 24. Rxb2 {[%clk 0:16:56]} Ng7
{[%clk 0:11:46]} 25. Rxf4 {[%clk 0:17:21]} Rb7 {[%clk 0:02:29]} 26. Qc3
{[%clk 0:15:08]} Qb8 {[%clk 0:02:16]} 27. Nf2 {[%clk 0:14:14]} Ba4
{[%clk 0:00:55]} 28. Rf3 {[%clk 0:14:32]} Re8 {[%clk 0:00:38]} 29. e5
{[%clk 0:13:43]} Rxe5 {[%clk 0:00:32]} 30. Nd3 {[%clk 0:14:03]} Be8
{[%clk 0:00:36]} 31. Nxe5 {[%clk 0:14:04]} dxe5 {[%clk 0:01:05]} 32. Rf6
{[%clk 0:13:49]} a5 {[%clk 0:00:32]} 33. d6 {[%clk 0:11:44]} Rb6 {[%clk 0:01:01]}
34. Qxe5 {[%clk 0:11:46]} a4 {[%clk 0:01:28]} 35. Qxc5 {[%clk 0:09:55]} Ne6
{[%clk 0:00:45]} 36. Qf2 {[%clk 0:07:50]} Rxd6 {[%clk 0:00:46]} 37. Bd5
{[%clk 0:04:35]} Ng5 {[%clk 0:00:57]} 38. Qg3 {[%clk 0:03:33]} Qb6+
{[%clk 0:00:45]} 39. Rff2 {[%clk 0:03:54]} a3 {[%clk 0:00:40]} 40. Rbe2
{[%clk 0:03:24]} Bd7 {[%clk 0:00:34]} 41. Kh2 {[%clk 0:30:59]} Rf6
{[%clk 0:10:32]} 42. Rxf6 {[%clk 0:25:05]} Qxf6 {[%clk 0:10:52]} 43. Qb8+
{[%clk 0:24:53]} Kg7 {[%clk 0:11:21]} 44. Qe5 {[%clk 0:25:10]} Qxe5+
{[%clk 0:11:30]} 45. Rxe5 {[%clk 0:25:38]} Be6 {[%clk 0:11:50]} 46. Bg2
{[%clk 0:25:40]} 1-0

[Event "WCO2014"]
[Site "Tromso"]
[Date "2014.08.09"]
[Round "7.4"]
[WhiteID "936286"]
[White "Rakic Marija"]
[BlackID "13602446"]
[Black "Melia Salome"]
[Result "1/2-1/2"]
[LiveChessVersion "1.4.3"]
[BlackElo "2475"]
[WhiteElo "2323"]

1. d4 {[%clk 1:30:57]} Nf6 {[%clk 1:30:53]} 2. c4 {[%clk 1:31:23]} e6
{[%clk 1:31:19]} 3. Nf3 {[%clk 1:31:48]} d5 {[%clk 1:30:06]} 4. Nc3
{[%clk 1:32:14]} c5 {[%clk 1:30:24]} 5. cxd5 {[%clk 1:32:39]} Nxd5
{[%clk 1:30:48]} 6. e4 {[%clk 1:33:04]} Nxc3 {[%clk 1:31:12]} 7. bxc3
{[%clk 1:33:31]} cxd4 {[%clk 1:31:36]} 8. cxd4 {[%clk 1:33:56]} Bb4+
{[%clk 1:32:02]} 9. Bd2 {[%clk 1:34:21]} Bxd2+ {[%clk 1:32:28]} 10. Qxd2
{[%clk 1:34:45]} O-O {[%clk 1:32:53]} 11. Bc4 {[%clk 1:35:10]} Nc6
{[%clk 1:33:18]} 12. O-O {[%clk 1:35:27]} Qd6 {[%clk 1:33:22]} 13. Rad1
{[%clk 1:32:43]} Bd7 {[%clk 1:32:29]} 14. Rfe1 {[%clk 1:21:39]} Rac8
{[%clk 1:24:46]} 15. Bb3 {[%clk 1:13:41]} h6 {[%clk 1:06:43]} 16. d5
{[%clk 0:53:51]} exd5 {[%clk 1:04:54]} 17. exd5 {[%clk 0:54:17]} Ne7
{[%clk 0:56:17]} 18. Ne5 {[%clk 0:37:04]} Bb5 {[%clk 0:48:59]} 19. Ng4
{[%clk 0:37:16]} Bc4 {[%clk 0:42:30]} 20. Ne3 {[%clk 0:37:07]} Bxb3
{[%clk 0:41:08]} 21. axb3 {[%clk 0:37:33]} b5 {[%clk 0:40:35]} 22. Qd3
{[%clk 0:30:43]} a6 {[%clk 0:39:18]} 23. h4 {[%clk 0:30:38]} h5 {[%clk 0:33:23]}
24. g3 {[%clk 0:30:19]} Rfd8 {[%clk 0:30:52]} 25. Rc1 {[%clk 0:27:19]} Rc5
{[%clk 0:23:16]} 26. Rxc5 {[%clk 0:25:43]} Qxc5 {[%clk 0:23:43]} 27. Qd2
{[%clk 0:23:25]} Qd6 {[%clk 0:19:11]} 28. Rc1 {[%clk 0:22:38]} Qe5
{[%clk 0:19:15]} 29. Qc3 {[%clk 0:17:19]} Qd6 {[%clk 0:13:12]} 30. Qd4
{[%clk 0:16:10]} a5 {[%clk 0:09:58]} 31. Qc5 {[%clk 0:14:45]} Qd7
{[%clk 0:10:01]} 32. d6 {[%clk 0:13:09]} Rc8 {[%clk 0:08:25]} 33. dxe7 Rxc5
{[%clk 0:08:43]} 34. Rxc5 {[%clk 0:03:15]} Qxe7 {[%clk 0:08:51]} 35. Rxb5
{[%clk 0:03:37]} g6 {[%clk 0:04:19]} 36. Rxa5 {[%clk 0:03:56]} Qb4
{[%clk 0:04:37]} 37. Ra4 {[%clk 0:01:41]} Qxb3 {[%clk 0:04:20]} 38. Rc4
{[%clk 0:01:37]} Kg7 {[%clk 0:04:37]} 39. Kg2 {[%clk 0:01:55]} Qd3
{[%clk 0:04:42]} 40. Kg1 {[%clk 0:02:17]} Kf6 {[%clk 0:04:29]} 41. Kg2
{[%clk 0:02:26]} Ke5 {[%clk 0:03:47]} 42. Rc5+ {[%clk 0:02:30]} Ke6
{[%clk 0:03:40]} 43. Rc6+ {[%clk 0:02:55]} Kd7 {[%clk 0:03:30]} 44. Rc4
{[%clk 0:03:23]} Kd6 {[%clk 0:01:34]} 45. Kg1 {[%clk 0:03:45]} Qb1+
{[%clk 0:00:39]} 46. Kg2 {[%clk 0:04:11]} Qb7+ {[%clk 0:01:03]} 47. Kg1
{[%clk 0:04:36]} Ke6 {[%clk 0:01:26]} 48. Kf1 {[%clk 0:03:02]} Qh1+
{[%clk 0:01:38]} 49. Ke2 {[%clk 0:03:27]} f6 {[%clk 0:01:42]} 50. Rb4
{[%clk 0:03:43]} Qc6 {[%clk 0:01:05]} 51. Rc4 {[%clk 0:03:48]} Qb7
{[%clk 0:01:12]} 52. Kf1 {[%clk 0:04:08]} g5 {[%clk 0:31:00]} 53. Kg1
{[%clk 0:35:36]} Qa8 {[%clk 0:28:00]} 54. Kh2 {[%clk 0:33:07]} Qf3
{[%clk 0:27:11]} 55. Kg1 {[%clk 0:33:34]} Kd6 {[%clk 0:27:34]} 56. Kf1
{[%clk 0:33:51]} Qh1+ {[%clk 0:27:45]} 57. Ke2 {[%clk 0:34:17]} Qa1
{[%clk 0:28:02]} 58. Nf5+ {[%clk 0:34:34]} Ke6 {[%clk 0:27:10]} 59. Ne3
{[%clk 0:35:01]} Qa6 {[%clk 0:27:30]} 60. Kf3 {[%clk 0:35:19]} Qb7+
{[%clk 0:26:52]} 61. Ke2 {[%clk 0:35:45]} Qh1 {[%clk 0:25:30]} 62. Rb4
{[%clk 0:34:51]} Kd6 {[%clk 0:23:44]} 63. Rc4 {[%clk 0:35:16]} Qb1
{[%clk 0:23:41]} 64. Kf3 {[%clk 0:35:41]} Qb7+ {[%clk 0:21:59]} 65. Ke2
{[%clk 0:36:08]} Qh1 {[%clk 0:21:44]} 66. Nf5+ {[%clk 0:36:29]} Ke6
{[%clk 0:21:15]} 1/2-1/2